Регионална библиотека "Любен Каравелов" - Русе

Сборник от задачи по математика (Запис номер 173033)

MARC детайли
000 -Лидер
Контролно поле с фиксирана дължина 01673nam a2200373 c 4500
003 - Код на организацията, давaща контролен номер
Контролно поле BLK
005 - Дата и час на последна редакция
Контролно поле 20191007130212.0
008 - Елементи от данни с фиксирана дължина
fixed length control field 180411b bul|||||r ||||||| ||bul||
010 ## - Наследен системен номер
LC control number KNG00181408000
040 ## - Източник на каталожния запис
Идентификатор на билиотеката - собственик на записа BLK
041 ## - Код за език
Код за езика на текст/звукозапис или на отделно заглавие Български
Код за езика КДБФ Български
080 ## - УДК
Текстов определител УДК Основи на математиката в основното образование
УДК код - определител по УДК 372.47
УДК определител (075.2)
УДК - код + определител 372.47(075.2)
100 1# - Редна дума - Автор
Автор Никова, Катя Стефанова
Авторска отговорност първи автор
R(LIN) 365352
139 ## - Редно поле
Редна дума Сборник от задачи по математика
Авторски знак Сбо - С 23
245 10 - Сведения за заглавието
Заглавие Сборник от задачи по математика
Подзаглавни данни За І и ІІ кл.
Редно поле (дума) Катя Стефанова Никова; * Пенка Георгиева Райнова; * Тодорка Сотирова; * Т. Милева.
257 ## - Страна на издаване
Страна на създаване/издаване България
260 ## - Област на издателските данни
-- София
Име на издателя, разпространителя и проч. Слов-Д
Година на издаване 1991
300 ## - Физическа характеристика
Страници 64 с.
Илюстрации и др. с черт., табл.
Размери/Мащаб 21 см
380 ## - Жанр
Жанр Обществени науки
500 ## - Общи забележки
Забележка Други авт.: П. Райнова, Т. Сотирова, Т. Милева. - 30 000 тир.
650 #4 - Допълнително описание по предмет – тема
Основно описание – тема или топоним Математика - задачи - учебници за начални училища
9 (RLIN) 259477
653 ## - Ключова дума – ненормативна
Ключова дума математика
653 ## - Ключова дума – ненормативна
Ключова дума задачи
653 ## - Ключова дума – ненормативна
Ключова дума І кл. - ІІ кл.
653 ## - Ключова дума – ненормативна
Ключова дума учебници за основни училища
700 1# - Други автори (авторска отговорност)
Лично име Райнова, Пенка Георгиева
Автороска отговорност (Описва отношението между автора и произведението) *
9 (RLIN) 363367
700 1# - Други автори (авторска отговорност)
Лично име Сотирова, Тодорка
Автороска отговорност (Описва отношението между автора и произведението) *
9 (RLIN) 363527
700 1# - Други автори (авторска отговорност)
Лично име Милева, Т.
Автороска отговорност (Описва отношението между автора и произведението) *
9 (RLIN) 339415
852 ## - Местоположение
Форматна сигнатура Цб 167735
856 4# - Електронен адрес и достъп
Електронен формат pdf - файл
Път до файла /url/
856 4# - Електронен адрес и достъп
Електронен формат pdf - файл
Път до файла /url/
942 ## - АРТИКУЛИ
Вид на библиотечния материал Книги
Скрит в OPAC Не
Koha issues (borrowed), all copies 1
944 ## - СЪЗДАВАНЕ И РЕДАКЦИЯ на ЗАПИСА
Създаване/Редакция Създаване
Дата на регистрацията/редакция 10.09.2015
Статус, дата на статуса ф /
Служител, извършил регистрацията/редакцията Людмила_Стоянова
944 ## - СЪЗДАВАНЕ И РЕДАКЦИЯ на ЗАПИСА
Създаване/Редакция Редакция
Дата на регистрацията/редакция 10.09.2015
Статус, дата на статуса ф /
Служител, извършил регистрацията/редакцията Людмила_Стоянова
999 ## - СИСТЕМНИ КОНТРОЛНИ НОМЕРА
Koha biblionumber 173033
Koha biblioitemnumber 173033
Наличности
Код за отписване Код за изгубен артикул Източник на класификационната схема Код за повреда Коз за рестрикции Код за отдаване Артикулен № Име на библиотеката - собственик Име на библиотеката, в която се намира в момента Статус (Текущо местоположение) Дата на вписване в системата Местоположение - отдел Цена в лева Инвентарен номер Систематично азбучна сигнатура Баркод Номер на екземпляра Цена в евро Служебна бележка Служебен тип на артикула
  Не е изгубен Universal Decimal Classification Не е повреден без рестрикции ползва се в читалня 295318 Регионална библиотека "Любен Каравелов" Русе Регионална библиотека "Любен Каравелов" Русе Хранилище 1991-01-01 Хранилище 6.00 564077 Цб 167735 120000564077 1 3.07 Дост: Dp Вид: Д N: стар фонд Дата: 01.01.1991 Книги
Изтеглен Не е изгубен Universal Decimal Classification Не е повреден без рестрикции заемане за дома 295319 Регионална библиотека "Любен Каравелов" Русе Регионална библиотека "Любен Каравелов" Русе Детски отдел 1991-01-01 Детски отдел 6.00 574522 ДН 372.47/С 23 574522 2 3.07 Дост: Pk Вид: Ф N: стар фонд Дата: 01.01.1991 Дата инв: 29.09.2015 Бележки инв: Д2015 Книги
Vip Innovations Ltd, Rousse, Bulgaria 2025